他の市と接していない市 - Statistics

General Stats
  • This quiz has been taken 682 times
  • The average score is 22 of 27
Answer Stats
Hint Answer % Correct
北海道 稚内市
92%
北海道 根室市
90%
青森県 むつ市
90%
北海道 釧路市
88%
沖縄県 石垣市
88%
新潟県 佐渡市
87%
長崎県 対馬市
87%
北海道 帯広市
85%
長崎県 壱岐市
85%
長崎県 五島市
85%
沖縄県 宮古島市
84%
青森県 八戸市
83%
鹿児島県 奄美市
83%
北海道 留萌市
81%
静岡県 下田市
80%
高知県 室戸市
80%
沖縄県 名護市
80%
北海道 紋別市
77%
広島県 江田島市
77%
鹿児島県 西之表市
76%
青森県 三沢市
75%
岩手県 久慈市
75%
福島県 白河市
73%
宮崎県 日向市
73%
和歌山県 御坊市
72%
石川県 かほく市
67%
沖縄県 南城市
62%
No matching quizzes found
Score Distribution
Percent of People with Each Score
Percentile by Number Answered
Your Score History
You have not taken this quiz